Prueba de Catamarca - Estadísticas

Estadísticas generales
  • Esta prueba ha sido intentada 26 veces
  • La puntuación promedio es 7 de 17
Estadísticas de respuestas
Pregunta Respuesta % Correcto
Gentilicio Catamarqueño
100%
Ciudad que comparte su nombre con la cuna de Jesucristo Belén
95%
País limítrofe Chile
95%
Idioma de donde viene la palabra Catamarca Quechua
77%
Nombre completo de la capital San Fernando del Valle de Catamarca
77%
Ecorregión de selva de montaña Y{unga}
55%
Fiesta principal de la provincia Fiesta Nacional e Internacional del {Poncho}
41%
Tipo de legislatura Bicameral
36%
Fraile que fue beatificado en 2021 Mamerto Esquiú
32%
Ecorregión altiplánica que atraviesa por el oeste de la provincia Puna
27%
Idioma regional Cacán
18%
Ciudad conocida por sus termas, dunas y volcanes Fiambalá
18%
Volcán más alto de la Tierra Nevado Ojos del Salado
18%
Actriz famosa por sus papeles en Patito feo y Tesis sobre un homicidio Calu Rivero
9%
Primer conquistador en arribar en el territorio de Catamarca Diego de Almagro
9%
Nombre de las antiguas minas de oro Incahuasi
9%
Estanciero con el apodo el Quijote de los Andes quien murió exiliado en 1870 Felipe Varela
5%
No se encontraron pruebas coincidentes
Distribución de puntuación
Porcentaje de gente con cada puntuación
Porcentaje por número respondido
Historial de tus puntuaciones
No has intentado esta prueba.